| 000 | 00827cam a2200289 a 4500 | ||
|---|---|---|---|
| 001 | 1237 | ||
| 003 | BD-RjUL | ||
| 005 | 20211208233310.0 | ||
| 008 | 131125s1971 mau 000 0 eng d | ||
| 020 | _a0879520388 (pbk.) : | ||
| 035 | _a(OCoLC)256524202 | ||
| 035 | _a(OCoLC)ocn256524202 | ||
| 035 | _a(BD-RjUL)1259 | ||
| 035 | _a(BD-RjUL) | ||
| 035 | _a(NNC)4484247 | ||
| 040 |
_aCBGTU _cCBGTU _dNNUT _beng |
||
| 041 | _aeng | ||
| 082 |
_220 _a289.5 _bEDS 1971 |
||
| 090 |
_aBX6941 _b.S4 1944 |
||
| 100 | 1 |
_aEddy, Mary Baker, _d1821-1910. _93649 |
|
| 245 | 1 | 0 |
_aScience and health : _bwith key to the Scriptures / _cby Mary Baker Eddy. |
| 260 |
_aBoston : _bFirst Church of Christ, Scientist, _cc1971 |
||
| 300 |
_axii, 700 p. ; _c18 cm. |
||
| 650 | 0 |
_aChristian Science. _93650 |
|
| 942 |
_2ddc _cBK |
||
| 999 |
_c1237 _d1237 |
||